000 02480cam a22002414a 4500
005 20250605164124.0
008 250528s ||||||||||||||||||||||||d
035 _a18386
020 _a9608050294
040 _aGR-AtMCL
_bgre
_dGR-AtMCL
_eAACR2
245 1 _aΘεωρία και Προβλήματα στα Συστήματα Αυτόματου Ελέγχου Αναλογικών και Ψηφιακών Συστημάτων / Δεύτερη Έκδοση
250 _a
260 _bΤζιόλα,
_c2004
300 _a642
520 _aΕισαγωγή, Ορολογία Συστημάτων Ελέγχου, Διαφορικές Εξισώσεις και Εξισώσεις Διαφοράς και Γραμμικά Συστήματα, Ο Μετασχηματισμός Laplace και ο Μετασχηματισμός z, Ευστάθεια, Συναρτήσεις Μεταφοράς, Άλγεβρα Λειτουργικών (Μπλόκ) Διαγραμμάτων και Συναρτήσεις Μεταφοράς Συστημάτων, Γραφήματα Ροής Σήματος, Κριτήρια Ευαισθησίας Συστήματος και Ταξινόμηση Συστημάτων Αυτομάτου Ελέγχου, Ανάλυση και Σχεδίαση Συστημάτων Αυτομάτου Ελέγχου: Στόχοι και Μεθοδολογία, Ανάλυση Συστημάτων κατά Nyquist, Σχεδίαση Συστημάτων κατά Nyquist, Ανάλυση Συστημάτων με τη Μέθοδο του Γεωμετρικού Τόπου Ριζών, Σχεδίαση Συστημάτων με τη Μέθοδο του Γεωμετρικού Τόπου Ριζών, Ανάλυση Συστημάτων με Διαγράμματα Bode, χεδλιαση Συστημάτων με Διαγράμματα Bode, Ανάλυση Συστημάτων με τον Χάρτη Nichols, Εισαγωγή στα Μη-Γραμμικά Συστήματα Αυτομάτου Ελέγχου, Εισαγωγή σε Προχωρημένα Θέματα πάνω στην Ανάλυση και Σχεδίαση των Συστημάτων Αυτομάτου Ελέγχου, Παραρτήματα, Ευρετήριο.
700 1 _aDistefano Joseph J
_93688
700 1 _aStubberud Allen R
_93689
700 1 _aWilliams Ivan J
_93690
700 1 _aΧατζαράκης Γεώργιος Ε
_94660
942 _cBK
999 _c3748
_d3748